Countries Larger than Greenland Quiz Stats

Quiz Updated Oct 22, 2014

Challenge
Share
Tweet
Embed
Score 0/12 Timer 02:00
0 Plays Today
Area (sq km) Country % Correct
17,098,242Russia
99.6%
9,826,675United States
99%
9,984,670Canada
98.4%
9,596,961China
97.9%
8,514,877Brazil
96.4%
7,741,220Australia
93.3%
3,287,263India
90.2%
2,780,400Argentina
77.9%
2,724,900Kazakhstan
59.6%
2,381,741Algeria
53.5%
2,344,858Democratic Republic of the Congo
51%
2,210,579Denmark
29.5%

You're not logged in!

Compare scores with friends on all Sporcle quizzes.
Sign Up with Email
OR
Log In

You Might Also Like...

Show Comments

Extras

Top Quizzes Today


Score Distribution

Your Account Isn't Verified!

In order to create a playlist on Sporcle, you need to verify the email address you used during registration. Go to your Sporcle Settings to finish the process.